Anthropology and homosexual behavior
| Otros Autores: | |
|---|---|
| Tipo de documento: | Print Libro |
| Lenguaje: | Inglés |
| Publicado: |
New York [u.a.]
Haworth
1985
|
| En: |
Research on homosexuality (12)
Año: 1985 |
| Disponibilidad en Tübingen: | Disponible en Tübingen. UB: KB 18 A 2169 |
| Verificar disponibilidad: | HBZ Gateway |
| Servicio de pedido Subito: | Pedir ahora. |
| Palabras clave: |
MARC
| LEADER | 00000cam a2200000 c 4500 | ||
|---|---|---|---|
| 001 | 1083883011 | ||
| 003 | DE-627 | ||
| 005 | 20251224220027.0 | ||
| 007 | tu | ||
| 008 | 880330s1985 xx ||||| 00| ||eng c | ||
| 020 | |a 0866563288 |9 0-86656-328-8 | ||
| 020 | |a 0866564209 |9 0-86656-420-9 | ||
| 035 | |a (DE-627)1083883011 | ||
| 035 | |a (DE-576)013883011 | ||
| 035 | |a (DE-599)BSZ013883011 | ||
| 035 | |a (OCoLC)13212310 | ||
| 040 | |a DE-627 |b ger |c DE-627 |e rakwb | ||
| 041 | |a eng | ||
| 082 | 0 | |a 306.76 | |
| 245 | 0 | 0 | |a Anthropology and homosexual behavior |c Evelyn Blackwood, guest ed. |
| 264 | 1 | |a New York [u.a.] |b Haworth |c 1985 | |
| 300 | |a XIII, 217 S. |b graph. Darst. | ||
| 336 | |a Text |b txt |2 rdacontent | ||
| 337 | |a ohne Hilfsmittel zu benutzen |b n |2 rdamedia | ||
| 338 | |a Band |b nc |2 rdacarrier | ||
| 490 | 1 | |a Research on homosexuality |v 12 | |
| 490 | 1 | |a Journal of homosexuality |v 11,3/4 | |
| 500 | |a Literaturangaben | ||
| 583 | 1 | |a Archivierung prüfen |c 20200919 |f DE-640 |z 2 |2 pdager | |
| 689 | 0 | 0 | |d s |0 (DE-588)4025798-8 |0 (DE-627)104774800 |0 (DE-576)208962948 |a Homosexualität |2 gnd |
| 689 | 0 | |5 (DE-627) | |
| 700 | 1 | |8 1\p |a Blackwood, Evelyn |d 1950- |e Hrsg. |0 (DE-588)1158691297 |0 (DE-627)1020751541 |0 (DE-576)504303759 |4 edt | |
| 830 | 0 | |a Research on homosexuality |v 12 |9 12 |w (DE-627)1079050779 |w (DE-576)009050779 |x 0091-8369 |7 am | |
| 830 | 0 | |a Journal of homosexuality |v 11,3/4 |9 11,3/4 |w (DE-627)129433039 |w (DE-576)014805049 |w (DE-600)193138-6 |x 0091-8369 |7 am | |
| 883 | |8 1\p |a cgwrk |d 20241001 |q DE-101 |u https://d-nb.info/provenance/plan#cgwrk | ||
| 951 | |a BO | ||
| ELC | |b 1 | ||
| LOK | |0 000 xxxxxcx a22 zn 4500 | ||
| LOK | |0 001 2105158064 | ||
| LOK | |0 003 DE-627 | ||
| LOK | |0 004 1083883011 | ||
| LOK | |0 005 19951115000000 | ||
| LOK | |0 008 951115||||||||||||||||ger||||||| | ||
| LOK | |0 040 |a DE-21 |c DE-627 |d DE-21 | ||
| LOK | |0 852 |a DE-21 | ||
| LOK | |0 852 1 |c KB 18 A 2169 |9 00 | ||
| LOK | |0 935 |a krim | ||
| LOK | |0 939 |a 15-11-95 |b l02 | ||
| ORI | |a SA-MARC-krimdoka001.raw | ||
| SIG | |a UB: KB 18 A 2169 | ||
